01239nac a22003131u 4500010001700000020001500017020001500032035002300047082001500070090001500085100003400100245021000134250001400344260004700358300004200405504005100447650002900498650003900527650004900566650003900615650003000654700002900684700001900713700001900732710002600751942001900777999001500796952011400811 a 2003271368 a0393325393 a0393325393 a(OCoLC)ocm51310581 a330.904819 c3439d3439 a20080729 00aState of the world, 2004 :ba Worldwatch Institute report on progress toward a sustainable society /cBrian Halweil and Lisa Mastny, project director ; Erik Assadourian ... [et al.] ; Linda Starke, editor. a1 st. ed. aNew York :bW.W. Norton & Co.,2004cc2004. axxiii, 241 p. :bill., maps ;c25 cm. aIncludes bibliographical references and index. 0aSustainable development. 0aConservation of natural resources. 0aEconomic developmentxEnvironmental aspects. 0aNaturexEffect of human beings on. 0aEnvironmental protection.1 aGardner, Gary T.,d1958-1 aBright, Chris.1 aStarke, Linda.2 aWorldwatch Institute. cBBk330.904819 c3439d3439 00102ddc4070aMAINbMAINc1STd2011-04-07ePurchasel0o330.904819 STAp000030059r2025-07-15 00:00:00yBB